000 00286nam a22001217a 4500
008 181218b xxu||||| |||| 00| 0 eng d
041 _aeng
080 _a616.073
100 _a6
101 _aGJEN
245 _aHeredity. An Introduction to Genetics
_cWinchester, A.M
942 _2udc
_cBK
999 _c53387
_d53387